000 00407 a2200169 4500
001 168586
020 _a85-02-02448-5
040 _cMagnum
100 _aBruno, Fátima Aparecida Teves Cabral
240 1 0 _aHacia el español: nivel básico
_lESP
245 1 0 _aHacia el español: nivel básico
300 _a224
362 0 _a2000
440 1 _aSaraiva
697 _aLITERATURA ESPANHOLA
942 _cBK
999 _c168586
_d168586